Kariera trenerska Waldemara Fornalika. - Statystyki

Ogólne statystyki
  • Ten quiz został rozwiązany 53 razy
  • Średni wynik to 6 z 11
Statystyki odpowiedzi
Lata Drużyna % Poprawnych
2012-2013 Polska
94%
2017-teraz Piast Gliwice
89%
2009-2012 Ruch Chorzów
77%
2014-2017 Ruch Chorzów
77%
2001-2001 Górnik Zabrze
53%
2002-2004 Górnik Zabrze
53%
1996-1997 Polonia Bytom
38%
2006-2007 Polonia Warszawa
28%
2008-2009 Widzew Łódź
28%
2005-2006 Odra Wodzisław Śląski
15%
2008-2008 GKS Bełchatów II
0%
Nie znaleziono quizów pasujących do podanych kryteriów
Rozkład punktacji
Procent ludzi z każdym wynikiem
Percentyl według liczby udzielonych odpowiedzi
Twoja historia wyników
Nie rozwiązałeś tego quizu